000 00625nam a2200193Ia 4500
003 GCL
008 140319s9999 xx 000 0 ara d
040 _aGCL /
_cGCL
082 0 4 _a813.009
_bع ن
100 1 _aشكرى محمد عياد
245 1 0 _aنفوس ثائرة (هدية من الاديب عبدالفتاح الجمل) /
_cشكرى محمد عياد
700 1 _aعبدالله ركيبى
300 _a128 ص
490 _a
650 0 4 _aالادب العربى - الجزائر
650 0 4 _aالقصة الجزائرية
650 0 4 _aالقصة العربية - تاريخ ونقد
942 _2ddc
_cBK
999 _c38462
_d38462